000 00778pam a2200241 a 4500
001 4978130
005 20180104072635.0
008 980401s1998 nyua b 001 0 eng
010 _a 98004132
020 _a1567995969
040 _aDLC
_cDLC
_dDLC
041 _aeng
080 _a629.1309
082 0 0 _a629.1309 RAB
_221
100 1 _a26
101 _aMEK
245 1 0 _aPushing the envelope :
_cHarold Rabinowitz.
504 _aIncludes bibliographical references (p. 154-155) and index.
906 _a7
_bcbc
_corignew
_d1
_eocip
_f19
_gy-gencatlg
942 _2ddc
_cBK
999 _c39719
_d39719